Pick the African born Liverpool FC players Quiz Stats

 Plays Quiz not verified by Sporcle

Challenge
Share
Tweet
Embed
Score 0/12 Timer 03:00
0 Plays Today
% Correct
Sadio Mané
85%
El Hadji Diouf
83.3%
Kolo Touré
83.1%
Rigobert Song
74.8%
Salif Diao
73.3%
Victor Moses
68.5%
Bruce Grobbelaar
66.4%
Titi Camara
65.5%
Oussama Assaidi
62.5%
Sean Dundee
32.6%
Godwin Antwi
31.8%
Abel Xavier
24.8%

You're not logged in!

Compare scores with friends on all Sporcle quizzes.
OR
Log In

You Might Also Like...

Show Comments

Extras

Top Quizzes Today


Score Distribution

Your Account Isn't Verified!

In order to create a playlist on Sporcle, you need to verify the email address you used during registration. Go to your Sporcle Settings to finish the process.

Report this User

Report this user for behavior that violates our Community Guidelines.

Details: